Central Library OPAC University of Rajshahi

تنقیدی تجزیے ;; Tanqidi tajziye / (Record no. 85192)

MARC details
000 -LEADER
fixed length control field 00612naa a2200205 a 4500
001 - CONTROL NUMBER
control field 85192
003 - CONTROL NUMBER IDENTIFIER
rucl marc code BD-RjUL
005 - DATE AND TIME OF LATEST TRANSACTION
control field 20250714100519.0
008 - FIXED-LENGTH DATA ELEMENTS--GENERAL INFORMATION
fixed length control field 250714s1984 i ||||| |||| 00| 0 urd d
035 ## - SYSTEM CONTROL NUMBER
System control number (BD-RjUL) 85192
040 ## - CATALOGING SOURCE
Original cataloging agency BD-RjUL
Language of cataloging eng
Transcribing agency BD-RjUL
041 ## - LANGUAGE CODE
Language code of text/sound track or separate title urd
082 ## - DEWEY DECIMAL CLASSIFICATION NUMBER
Edition number 23
Classification number 891.43909
Author mark and year MIS 1984
100 ## - MAIN ENTRY--PERSONAL NAME
Personal name مرزا، شہنشاہ ;; Mirza Shahanshah
9 (RLIN) 16011
245 10 - TITLE STATEMENT
Title تنقیدی تجزیے ;; Tanqidi tajziye /
Statement of responsibility, etc. شہنشاہ مرزا ;; shehnsha marza
260 ## - PUBLICATION, DISTRIBUTION, ETC. (IMPRINT)
Place of publication, distribution, etc. Lakhnuw :
Name of publisher, distributor, etc. Nami Press,
Date of publication, distribution, etc. 1984
300 ## - PHYSICAL DESCRIPTION
Pagination 299 p. ;
Size 17 cm
650 ## - SUBJECT ADDED ENTRY--TOPICAL TERM
Topical term or geographic name as entry element Urdu literature
942 ## - ADDED ENTRY ELEMENTS (KOHA)
Source of classification or shelving scheme Dewey Decimal Classification
Koha item type Books
Holdings
Lost status Source of classification or shelving scheme Damaged status Not for loan Collection code Permanent Location Current Location Shelving location Date acquired Source of acquisition Cost, normal purchase price Total Checkouts Full call number Date last seen Copy number Koha item type
  Dewey Decimal Classification   Not For Loan Non-fiction Central Library, University of Rajshahi Central Library, University of Rajshahi Reading Room 08/08/1989 Karim International 40.00   U 891.43909 MIS 1984 14/07/2025 C-1 Books